Social security in Latin America: pension and health care reforms in the last quarter century /

Guardado en:
Bibliografiske detaljer
Hovedforfatter: Mesa-Lago, Carmelo
Andre forfattere: SEGURIDAD SOCIAL AMERICA LATINA PENSIONES DE JUBILACION SALUD
Format: Texto
Tags: Tilføj Tag
Ingen Tags, Vær først til at tagge denne postø!

MARC

LEADER 00000 a a2200000 04500
001 43681
003
040
100 |a Mesa-Lago, Carmelo  
245 |a Social security in Latin America:   |b pension and health care reforms in the last quarter century /  |c Carmelo Mesa-Lago  
700 |a SEGURIDAD SOCIAL AMERICA LATINA PENSIONES DE JUBILACION SALUD  
773 |g volumen42, número2 (2007), páginas 181-201  
999 |c 39414  |d 39414